Tilastot visalle Vain elämää -televisiosarjan artistit 2012 - 2017

Klikkaa tästä pelataksesi tätä visaa!

Yleistilastot

  • Tätä visaa on pelattu 394 kertaa
  • Keskiarvotulos 36 / 49

Vastaustilastot

HintAnswer% Oikein
1.kausi | 7.kausiCheek
96%
3.kausiElastinen
88%
1.kausi | 7.kausiJari Sillanpää
87%
3.kausi | 7.kausiJenni Vartiainen
86%
4.kausi | 7.kausiSanni
86%
1.kausi | 7.kausiKaija Koo
85%
4.kausiAntti Tuisku
84%
1.kausiKatri Helena
83%
3.kausiPaula Vesala
83%
4.kausiVilleGalle
82%
2.kausi | 7.kausiJuha Tapio
81%
3.kausiVesa-Matti Loiri
81%
3.kausiPaula Koivuniemi
81%
3.kausi | 7.kausiToni Wirtanen
80%
6.kausiRobin
80%
1.kausiErin
80%
5.kausiMikael Gabriel
74%
2.kausiAnna Abreu
71%
6.kausiOlli Lindholm
71%
5.kausiHector
69%
6.kausiSamu Haber
69%
6.kausiNikke Ankara
67%
1.kausiNeumann
67%
2.kausiJukka Poika
67%
5.kausiLauri Tähkä
66%
1.kausiJonne Aaron
66%
4.kausiVirve Rosti
65%
5.kausiChisu
65%
4.kausiPave Maijanen
64%
5.kausiAnna Puu
62%
6.kausiPetra
61%
4.kausiMaija Vilkkumaa
60%
5.kausiSuvi Teräsniska
60%
6.kausiLaura Voutilainen
59%
3.kausiSamuli Edelmann
58%
6.kausiIrina
57%
4.kausiAnssi Kela
57%
2.kausiPauli Hanhiniemi
55%
2.kausiMaarit Hurmerinta
53%
2.kausiLaura Närhi
51%
2.kausiIlkka Alanko
50%
5.kausiMikko Kuustonen
44%

Tulosjakauma

Persentiili vastausten määrän mukaan

Jokaisen tuloksen saaneiden osuus

Tuloshistoriasi

Et ole pelannut tätä visaa